Ιδού ο άνθρωπος (Ανθρώπινοι χαρακτήρες)

Αποθηκεύτηκε σε:
Λεπτομέρειες βιβλιογραφικής εγγραφής
Κύριος συγγραφέας: Λασκαράτος, Ανδρέας, 1811-1901
Μορφή: Βιβλίο
Γλώσσα:Greek
Δημοσίευση: Αθήνα : Πέλλα, [μεταξύ 1970 και 1990]
Θέματα:
Ετικέτες: Προσθήκη ετικέτας
Δεν υπάρχουν, Καταχωρήστε ετικέτα πρώτοι!

MARC

LEADER 00000cam a2200000 a 4500
001 1/118565
008 190508q19701990gr | ||| |||| ||gre||
040 |a GR-MyUa  |b gre  |c GR-MyUa  |e AACR2 
041 0 |a gre 
082 7 |a 889.3   |2 (23) 
100 1 |a Λασκαράτος, Ανδρέας,   |d 1811-1901. 
245 1 0 |a Ιδού ο άνθρωπος (Ανθρώπινοι χαρακτήρες) /   |c Ανδρέας Λασκαράτος ; μεταγλώτιση στη δημοτική: Θανάση Θεοδωράκη.  
260 |a Αθήνα :   |b Πέλλα,   |c [μεταξύ 1970 και 1990] 
300 |a 171 σ. ;   |c 21 εκ.  
650 0 |a Greek literature, Modern  |y 19th century. 
650 0 |a Greek essays. 
852 |a INST  |b SYROS  |e 20190508  |h 889.3 ΛΑΣ  |p 005500013678  |q 005500013678  |t BK  |y 0 
970 |a Κοντού  |b Παρασκευή  |z 08/05/2019